| 000 | 01000cac a22003251i 4500 | ||
|---|---|---|---|
| 003 | EG-ScBUE | ||
| 005 | 20230222070339.0 | ||
| 008 | 230222t1993 maua f 000 0 eng d | ||
| 020 | _a9780240514178 | ||
| 020 | _a0240514173 | ||
| 040 |
_aEG-ScBUE _beng _erda _cEG-ScBUE _dEG-ScBUE |
||
| 082 | 0 | 4 |
_a770.3 _bZAK _222 |
| 245 | 0 | 4 |
_aThe Focal encyclopedia of photography / _cedited by Leslie Stroebel and Richard Zakia. |
| 250 | _aThird edition. | ||
| 264 | 1 |
_aBoston : _bFocal Press, _c[1993] |
|
| 264 | 4 | _cc1993 | |
| 300 |
_axi, 914 pages : _billustrations ; _c27 cm |
||
| 336 |
_2rdacontent _atext _btxt |
||
| 337 |
_2rdamedia _aunmediated _bn |
||
| 338 |
_2rdacarrier _avolume _bnc |
||
| 500 | _adistributer: Al-Ahram | ||
| 650 | 7 |
_aPhotography _xEncyclopedias. _2BUEsh |
|
| 653 | _bART | ||
| 655 | _vReading book | ||
| 700 | 1 |
_aStroebel, Leslie D., _eeditor. |
|
| 700 | 1 |
_aZakia, Richard D., _eeditor. |
|
| 740 | 0 | _aEncyclopedia of photography. | |
| 740 | 0 | _aPhotography. | |
| 942 |
_cNB _2ddc |
||
| 999 |
_c5877 _d5877 |
||